banner

Innovaciones de la práctica II: (Registro nro. 1374)

000 -LEADER
fixed length control field 03610nam a2200337 a 4500
003 - CONTROL NUMBER IDENTIFIER
control field AR-BaISA
005 - DATE AND TIME OF LATEST TRANSACTION
control field 20230808145706.0
006 - FIXED-LENGTH DATA ELEMENTS--ADDITIONAL MATERIAL CHARACTERISTICS
fixed length control field a||||fr|||| 00| 0
007 - PHYSICAL DESCRIPTION FIXED FIELD--GENERAL INFORMATION
fixed length control field ta
008 - FIXED-LENGTH DATA ELEMENTS--GENERAL INFORMATION
fixed length control field 230808s2007 ag ||||f |||| 00| 0 spa d
020 ## - INTERNATIONAL STANDARD BOOK NUMBER
International Standard Book Number 9789872321734
040 ## - CATALOGING SOURCE
Language of cataloging spa
Transcribing agency AR-BaISA
082 04 - DEWEY DECIMAL CLASSIFICATION NUMBER
Edition number 22
Classification number 616.306 51 D716
100 ## - MAIN ENTRY--PERSONAL NAME
9 (RLIN) 2995
Personal name Donghi, Alicia
Relator term aut.
245 10 - TITLE STATEMENT
Title Innovaciones de la práctica II:
Remainder of title anorexias, bulimias y obesidad /
Statement of responsibility, etc. Alicia Donghi; con la colaboración de Osvaldo Rodríguez, Liliana Vázquez, Edit Beatriz endlarz y otros
260 ## - PUBLICATION, DISTRIBUTION, ETC.
Place of publication, distribution, etc. Buenos Aires:
Name of publisher, distributor, etc. JCE Ediciones,
Date of publication, distribution, etc. 2007
300 ## - PHYSICAL DESCRIPTION
Extent 303 p.
500 ## - GENERAL NOTE
General note La edición de este título se realiza en cumplimiento del Convenido suscripto entre la Facultad de Psicología UBA y JCE Ediciones, cf. Resolución (C.D.) Nº 1553/04. (Nota de tapa)
500 ## - GENERAL NOTE
General note Comité editorial. Constituido conforme la citada resolución

Profesor Lic. Virgilio Enzo Carriolo
Profesora Lic. Alicia Noelia Cayssials
Profesor D. Gustavo Eduardo González
Profesor Dr. David Alberto Laznik
Profesor Lic. Rodolfo Ubarri
504 ## - BIBLIOGRAPHY, ETC. NOTE
Bibliography, etc. note Bibliografía al final de cada capítulo
505 ## - FORMATTED CONTENTS NOTE
Title HISTORIA Y ACTUALIDAD:
-- Alicia Donghi / Del vomitorium romano al vomitivo doble mensaje contemporáneo --
-- Osvaldo Rodríguez / Apuntes para una transición de la subjetividad --
-- Ricardo Cababié / La histeria "historificada" --
-- Miriam Maidana / V(h)acia la china --
-- CONCEPTOS:
-- Lliliana Vázquez / La sexualidad en los trastornos de la alimentación --
-- Juan Ventoso / El síntoma como una-en menos --
-- Marta FInaret / Hacer posible un duelo --
-- Graciela González / Consecuencias de las situaciones abusivas en la niñez --
-- Bejla Goldman / Bulimia: ¿un padecer como respuesta a nuevas modalidades del ser? --
-- Alicia Donghi / ¿Qué es un dispositivo?: dispositivos de compulsiones ligadas a la alimentación --
-- Liliana Vázquez / Del estrago...a "un estrago" --
-- Silvia González Parma / "Una princesita en el país del Nunca Jamás" --
-- Paola Argüelles / "Cosas de mujeres" --
-- Alejandra Lodeiro / "Y se viene la noche...la noche de los atracones": obesidad y bulimia --
-- ANOREXIAS:
-- Alicia Donghi y Silvia González Parma / Pérdida de apetito-(duelo)-pérdida de libido --
-- María Fernanda Cervera / Deseo de nada... --
-- Isabel Monzón / Entre Sissie emperatriz y Barbie --
-- BULIMIAS:
-- Alicia Donghi y Marina Montes / ¿El vómito como partenaire? --
-- María Florencia Velardo / ¿El vómito como señuelo? --
-- Juan Ventoso y Valeria Morera / Madre: ¿no ves que estoy saliendo? --
-- OBESIDAD:
-- Alicia Donghi / "Sobrepesos..." --
-- Liliana Vázquez / Obesidad-Obscenidad --
-- Adrián Sapeti / Obesidad y disfunción eréctil --
-- Marcela Scalone / Los dichos de la abuela --
-- DE PASAJES, SUPLENCIAS Y EXCEPCIONES:
-- Alicia Donghi y Laura Alcaraz / De la cocaína a la anorexia...Abstinencia de todo --
-- Verónica Gianchino / Del cifrado fallido en el cuerpo a la impulsión al juego --
-- Verónica Gianchino / Síndrome de picao un caso de histeria moderna --
-- Verónica Gianchino / Oíd el ruido de rotas cadenas...¡Libertad!
650 14 - SUBJECT ADDED ENTRY--TOPICAL TERM
9 (RLIN) 1331
Topical term or geographic name entry element Trastornos de alimentación y de la ingestión de alimentos
Form subdivision tratamiento
General subdivision psicología
650 14 - SUBJECT ADDED ENTRY--TOPICAL TERM
9 (RLIN) 2425
Topical term or geographic name entry element Anorexia nerviosa
Form subdivision tratamiento
General subdivision psicología
650 10 - SUBJECT ADDED ENTRY--TOPICAL TERM
9 (RLIN) 2426
Topical term or geographic name entry element Bulimia
Form subdivision tratamiento
General subdivision psicología
650 14 - SUBJECT ADDED ENTRY--TOPICAL TERM
9 (RLIN) 1332
Topical term or geographic name entry element Tratamiento de la obesidad
Form subdivision psicología
650 14 - SUBJECT ADDED ENTRY--TOPICAL TERM
9 (RLIN) 141
Topical term or geographic name entry element Psicoanálisis
700 ## - ADDED ENTRY--PERSONAL NAME
9 (RLIN) 3002
Personal name Rodríguez, Osvaldo
Relator term aut.
700 ## - ADDED ENTRY--PERSONAL NAME
9 (RLIN) 2997
Personal name Vázquez, Liliana
Relator term aut.
700 ## - ADDED ENTRY--PERSONAL NAME
9 (RLIN) 3003
Personal name Tendlarz, Edith Beatriz
942 ## - ADDED ENTRY ELEMENTS (KOHA)
Source of classification or shelving scheme
Koha item type Libros
Edition 22
Existencias
Withdrawn status Lost status Source of classification or shelving scheme Damaged status Not for loan Permanent Location Current Location Date acquired Inventory number Total Checkouts Full call number Barcode Checked out Date last seen Date last checked out Copy number Price effective from Koha item type
          Biblioteca ISALUD. Dr. Néstor Rodríguez Campoamor Biblioteca ISALUD. Dr. Néstor Rodríguez Campoamor 2023-08-08 5032 1 616.306 51 D716 5032 2024-05-03 2024-04-19 2024-04-19 ej. 1 2023-08-08 Libros
          Biblioteca ISALUD. Dr. Néstor Rodríguez Campoamor Biblioteca ISALUD. Dr. Néstor Rodríguez Campoamor 2023-08-08 5033   616.306 51 D716 5033   2023-08-08   ej. 2 2023-08-08 Libros
          Biblioteca ISALUD. Dr. Néstor Rodríguez Campoamor Biblioteca ISALUD. Dr. Néstor Rodríguez Campoamor 2023-08-08 5034   616.306 51 D716 5034   2023-08-08   ej. 3 2023-08-08 Libros